000 00695nam a2200289Ia 4500
005 20260324133840.0
008 008 260324s9999 xx 000 0 eng d
020 _a9780203169278
037 _aEBOOK
040 _aCRL
040 _beng
040 _cCRL
041 _2eng
041 _aeng
084 _qCRL
100 _aPeter Krinks
_91194625
245 4 _aThe Economy of the Philippines
245 0 _bElites, Inequalities and Economic Restructuring
260 _bTaylor and Francis
260 _c2002
365 _a
365 _b255
856 _uhttp://www.taylorfrancis.com/books/9780203169278
942 _cEBOOK
999 _c1794097
_d1794097